| 000 | 00916cam a2200277 4500 | ||
|---|---|---|---|
| 008 | 020125n2002 000 0 eng u | ||
| 020 | _a0750654406 | ||
| 035 | _a(Sirsi) u116469 | ||
| 050 | _a658.99 | ||
| 100 | _aLangston, Craig | ||
| 245 | _aStrategic management of built facilities | ||
| 260 |
_aOxford _bButterworth Heinemann _c2002 |
||
| 300 | _axvi,240p. ; 25cm. | ||
| 350 | _a29.99 | ||
| 520 | _aProvides an overview of facility economics and outlines way in which businesses and facility managers can get better value from their physical assets | ||
| 650 | _aBUILDING QUALITY ASSESSMENT | ||
| 650 | _aCORPORATE STRATEGY | ||
| 650 | _aFINANCIAL MANAGEMENT | ||
| 650 | _aPROPERTY MAINTENANCE | ||
| 650 | _aRISK MANAGEMENT | ||
| 650 | _aSTRATEGIC MANAGEMENT | ||
| 650 | _aVALUE MANAGEMENT | ||
| 690 | _aMANAGEMENT-FACILITIES MANAGEMENT | ||
| 700 | _aLauge-Kristensen, Rima | ||
| 942 | _n0 | ||
| 999 |
_c101857 _d101857 |
||